Catholic University of Zimbabwe Library
Online Public Access Catalogue
(OPAC)

Business Law I Essentials (Record no. 20135)

MARC details
000 -LEADER
fixed length control field 02753nam a2200517 4500
001 - CONTROL NUMBER
control field OTLid0000789
003 - CONTROL NUMBER IDENTIFIER
control field MnU
005 - DATE AND TIME OF LATEST TRANSACTION
control field 20201105133401.0
006 - FIXED-LENGTH DATA ELEMENTS--ADDITIONAL MATERIAL CHARACTERISTICS
fixed length control field m o d s
008 - FIXED-LENGTH DATA ELEMENTS--GENERAL INFORMATION
fixed length control field 191027s2019 mnu o 0 0 eng d
020 ## - INTERNATIONAL STANDARD BOOK NUMBER
International Standard Book Number
040 ## - CATALOGING SOURCE
Original cataloging agency MnU
Language of cataloging eng
Transcribing agency MnU
050 #4 - LIBRARY OF CONGRESS CALL NUMBER
Classification number KF385.A4
050 #4 - LIBRARY OF CONGRESS CALL NUMBER
Classification number K3400
050 #4 - LIBRARY OF CONGRESS CALL NUMBER
Classification number K623
050 #4 - LIBRARY OF CONGRESS CALL NUMBER
Classification number K3154
050 #4 - LIBRARY OF CONGRESS CALL NUMBER
Classification number K7265
050 #4 - LIBRARY OF CONGRESS CALL NUMBER
Classification number K7200
050 #4 - LIBRARY OF CONGRESS CALL NUMBER
Classification number KB3790
245 00 - TITLE STATEMENT
Title Business Law I Essentials
Statement of responsibility, etc. Mirande Valbrune
264 #2 - PRODUCTION, PUBLICATION, DISTRIBUTION, MANUFACTURE, AND COPYRIGHT NOTICE
Name of producer, publisher, distributor, manufacturer Open Textbook Library
264 #1 - PRODUCTION, PUBLICATION, DISTRIBUTION, MANUFACTURE, AND COPYRIGHT NOTICE
Name of producer, publisher, distributor, manufacturer OpenStax
300 ## - PHYSICAL DESCRIPTION
Extent 1 online resource
490 0# - SERIES STATEMENT
Series statement Open textbook library.
505 0# - FORMATTED CONTENTS NOTE
Formatted contents note 1 American Law, Legal Reasoning, and the Legal System -- 2 Disputes and Dispute Settlement -- 3 Business Ethics and Social Responsibility -- 4 Business and the United States Constitution -- 5 Criminal Liability -- 6 The Tort System -- 7 Contract Law -- 8 Sales Contracts -- 9 Employment and Labor Law -- 10 Government Regulation -- 11 Antitrust Law -- 12 Unfair Trade Practices and the Federal Trade Commission -- 13 International Law -- 14 Securities Regulation
520 0# - SUMMARY, ETC.
Summary, etc. Business Law I Essentials is a brief introductory textbook designed to meet the scope and sequence requirements of courses on Business Law or the Legal Environment of Business. The concepts are presented in a streamlined manner, and cover the key concepts necessary to establish a strong foundation in the subject. The textbook follows a traditional approach to the study of business law. Each chapter contains learning objectives, explanatory narrative and concepts, references for further reading, and end-of-chapter questions. Business Law I Essentials may need to be supplemented with additional content, cases, or related materials, and is offered as a foundational resource that focuses on the baseline concepts, issues, and approaches.
542 1# - INFORMATION RELATING TO COPYRIGHT STATUS
Copyright statement Attribution-NonCommercial-ShareAlike
546 ## - LANGUAGE NOTE
Language note In English.
588 0# - SOURCE OF DESCRIPTION NOTE
Source of description note Description based on online resource
650 #0 - SUBJECT ADDED ENTRY--TOPICAL TERM
Topical term or geographic name entry element Law
Form subdivision Textbooks
Geographic subdivision United States
650 #0 - SUBJECT ADDED ENTRY--TOPICAL TERM
Topical term or geographic name entry element Administrative Law
Form subdivision Textbooks
650 #0 - SUBJECT ADDED ENTRY--TOPICAL TERM
Topical term or geographic name entry element Civil Law
Form subdivision Textbooks
650 #0 - SUBJECT ADDED ENTRY--TOPICAL TERM
Topical term or geographic name entry element Constitutional Law
Form subdivision Textbooks
650 #0 - SUBJECT ADDED ENTRY--TOPICAL TERM
Topical term or geographic name entry element Contract Law
Form subdivision Textbooks
650 #0 - SUBJECT ADDED ENTRY--TOPICAL TERM
Topical term or geographic name entry element Property Law
Form subdivision Textbooks
650 #0 - SUBJECT ADDED ENTRY--TOPICAL TERM
Topical term or geographic name entry element Criminal Law
Form subdivision Textbooks
700 1# - ADDED ENTRY--PERSONAL NAME
Personal name Valbrune, Mirande
Relator term author
700 1# - ADDED ENTRY--PERSONAL NAME
Personal name De Assis, Renee
Relator term author
700 1# - ADDED ENTRY--PERSONAL NAME
Personal name Cardell, Suzanne
Relator term author
710 2# - ADDED ENTRY--CORPORATE NAME
Corporate name or jurisdiction name as entry element Open Textbook Library
Relator term distributor
856 40 - ELECTRONIC LOCATION AND ACCESS
Uniform Resource Identifier <a href="https://open.umn.edu/opentextbooks/textbooks/789">https://open.umn.edu/opentextbooks/textbooks/789</a>
Public note Access online version
Holdings
Withdrawn status Lost status Source of classification or shelving scheme Damaged status Not for loan Home library Shelving location Date acquired Total Checkouts Full call number Date last seen Uniform Resource Identifier Price effective from Koha item type
          Digital Library Online Access 05.11.2020   KF385.A4 05.11.2020 https://open.umn.edu/opentextbooks/textbooks/789 05.11.2020 eBook

OPENING HOURS

Weekdays: 0815hrs - 1800hrs
Weekends:0900hrs - 1200hrs

Closed for Mass:

Mon, Thur: 1200hrs - 1300hrs
Sunday & Public Holiday’s

CALL SUPPORT

0242-570570, 0242-570169
09200664, +263 8644140602

LOCATION

18443, Cranborne Avenue, Hatfield, Harare

Other Links


©2021 | CUZ Library